Eurovision 2017 - Statistiques

Statistiques générales
  • Ce quiz a été pris 97 fois
  • Le résultat moyen est 32 sur 41
Statistiques - réponses
Musique Pays % Correct
Requiem France
100%
Occidentali's Karma Italie
97%
Amar Pelos Dois Portugal
97%
Hey Mamma ! Moldavie
94%
Yodel It ! Roumanie
94%
I Can't Go On Suede
93%
City Lights Belgique
92%
Beautiful Mess Bulgarie
90%
Do it for your lover Espagne
89%
Don't Come Easy Australie
83%
Origo Hongrie
83%
Grab The Moment Norvege
83%
Running On Air Autriche
80%
Gravity Chypre
79%
I Feel Alive Israel
77%
Fly With Me Armenie
76%
Historyja Majho Zyccia Bielorussie
76%
Never Give Up On You Royaume Uni
76%
Skeletons Azerbaijan
75%
Verona Estonie
75%
Blackbird Finlande
75%
This Is Love Grece
75%
Perfect Life Allemagne
73%
My Friend Croatie
72%
Breathlessly Malte
72%
Spirit Of The Night Saint Marin
72%
Dying To Try Irlande
70%
Dance Alone Macedoine
70%
Lights And Shadows Pays Bas
70%
Flashlight Pologne
70%
Where I Am Danemark
69%
Paper Islande
69%
Rain Of Revolution Lituanie
69%
Time Ukraine
69%
Keep The Faith Georgie
68%
Line Lettonie
68%
In Too Deep Serbie
68%
On My Way Slovenie
66%
World Albanie
63%
Space Montenegro
63%
My Turn Republique Tcheque
62%
Aucun quiz correspondant
Distribution des résultats
% des personnes avec chaque résultat
Percentile par nombre de réponses
Votre historique - résultats
Vous n’avez pas pris ce quiz